[Event "Hurtigskak-DM 2016"]
[Site "Fredericia"]
[Date "2016.09.25"]
[Round "1"]
[White "Stentebjerg Hansen, Per"]
[Black "Rasmussen, Allan Stig"]
[Result "0-1"]
[WhiteElo "2133"]
[BlackElo "2528"]
[PlyCount "58"]
[EventDate "2016.??.??"]

1. d4 Nf6 2. Nf3 d5 3. Bf4 c5 4. e3 Qb6 5. Nc3 cxd4 6. exd4 a6 7. Rb1 Bg4 8.
Be2 Nc6 9. Na4 Qa7 10. Nc5 e6 11. Nb3 Be7 12. O-O O-O 13. h3 Bh5 14. g4 Bg6 15.
Nh4 Be4 16. Ng2 Nb4 17. Rc1 Nxa2 18. Ra1 Nb4 19. c3 Bc2 20. Qd2 Bxb3 21. cxb4
Qb6 22. g5 Ne4 23. Qe3 Qxb4 24. Bd3 Rac8 25. f3 Nc5 26. Bb1 Bc4 27. Rf2 Nb3 28.
Ra3 Qb6 29. Rxb3 Qxb3 0-1

[Event "Hurtigskak-DM 2016"]
[Site "Fredericia"]
[Date "2016.09.25"]
[Round "1"]
[White "Glud, Jakob Vang"]
[Black "Skjoldager, Per"]
[Result "1-0"]
[WhiteElo "2514"]
[BlackElo "2111"]
[PlyCount "75"]
[EventDate "2016.??.??"]

1. c4 c6 2. Nf3 d5 3. g3 Nf6 4. Bg2 e6 5. Qc2 Be7 6. O-O O-O 7. d4 b6 8. Rd1
Bb7 9. Nbd2 Nbd7 10. e4 dxe4 11. Nxe4 Nxe4 12. Qxe4 Nf6 13. Qe2 Qc7 14. Bf4 Bd6
15. Be5 Bxe5 16. dxe5 Nd7 17. Rd6 Rfd8 18. Rad1 Nf8 19. Ng5 h6 20. Qd2 Re8 21.
Ne4 c5 22. h4 Re7 23. Nf6+ Kh8 24. Bxb7 Qxb7 25. Rd8 Rc7 26. Qe3 Rxd8 27. Rxd8
Rc8 28. Rd2 Qe7 29. Ne4 Rd8 30. Nd6 Kg8 31. h5 Qg5 32. Qxg5 hxg5 33. Kg2 g6 34.
h6 Rd7 35. Rd1 Kh7 36. Rh1 g4 37. Ne4 Rd4 38. Ng5+ 1-0

[Event "Hurtigskak-DM 2016"]
[Site "Fredericia"]
[Date "2016.09.25"]
[Round "1"]
[White "Pedersen, Henrik Dahl"]
[Black "Antonsen, Mikkel"]
[Result "0-1"]
[WhiteElo "2107"]
[BlackElo "2447"]
[PlyCount "106"]
[EventDate "2016.??.??"]

1. c4 e6 2. g3 d5 3. Bg2 Nf6 4. Nf3 Be7 5. O-O O-O 6. d4 dxc4 7. Ne5 Nc6 8.
Nxc6 bxc6 9. Bxc6 Rb8 10. Nc3 Bb7 11. Bxb7 Rxb7 12. e4 c5 13. d5 exd5 14. exd5
Rd7 15. Qe2 Nxd5 16. Qxc4 Nb4 17. Be3 Nd3 18. Rab1 Bg5 19. Qg4 Bxe3 20. fxe3
Qe7 21. e4 Qe6 22. Qxe6 fxe6 23. Rxf8+ Kxf8 24. Rd1 c4 25. b3 cxb3 26. axb3 Ke7
27. Ra1 Rb7 28. Kf1 Rxb3 29. Rxa7+ Kf6 30. Nd1 Ne5 31. Ra2 g5 32. Kg2 h5 33.
Nf2 Nc4 34. Nd1 Rd3 35. Rc2 Rd4 36. Kf3 Ke5 37. Nf2 g4+ 38. Ke2 Kd6 39. Ra2 Kc5
40. Ra6 Rd6 41. Ra8 Rb6 42. Nd3+ Kd4 43. Rd8+ Kxe4 44. Rh8 Rb5 45. Rh6 e5 46.
Rxh5 Ra5 47. Nf2+ Kd4 48. Rh8 Ra2+ 49. Ke1 e4 50. Rd8+ Ke3 51. Nxg4+ Kf3 52.
Nf6 e3 53. Rd1 Rxh2 0-1

[Event "Hurtigskak-DM 2016"]
[Site "Fredericia"]
[Date "2016.09.25"]
[Round "1"]
[White "Skytte, Rasmus"]
[Black "Pedersen, Hans Dahl"]
[Result "1/2-1/2"]
[WhiteElo "2428"]
[BlackElo "2099"]
[PlyCount "67"]
[EventDate "2016.??.??"]

1. e4 c5 2. Nc3 g6 3. d4 cxd4 4. Qxd4 Nf6 5. Nf3 Bg7 6. e5 Nc6 7. Qa4 Ng8 8.
Bf4 Nh6 9. Bd3 Ng4 10. O-O Ngxe5 11. Nxe5 Nxe5 12. Nd5 O-O 13. Rae1 d6 14. Bg5
f6 15. Bd2 e6 16. Nc3 Nxd3 17. cxd3 d5 18. d4 Bd7 19. Qb3 Qb6 20. Qxb6 axb6 21.
Bf4 Rfc8 22. a3 Bf8 23. Rc1 Kf7 24. Rfd1 Rc4 25. Be3 Rac8 26. Ne2 Rc2 27. Rxc2
Rxc2 28. Rd2 Rxd2 29. Bxd2 e5 30. Be3 b5 31. b4 Ke6 32. f3 Bg7 33. Kf2 f5 34.
f4 1/2-1/2

[Event "Hurtigskak-DM 2016"]
[Site "Fredericia"]
[Date "2016.09.25"]
[Round "1"]
[White "Jensen, Jacob Bjerre"]
[Black "Fries Nielsen, Jens Ove"]
[Result "1-0"]
[WhiteElo "2098"]
[BlackElo "2426"]
[PlyCount "45"]
[EventDate "2016.??.??"]

1. d4 g6 2. c4 Bg7 3. Nc3 e6 4. Nf3 Ne7 5. e4 d5 6. Be2 dxe4 7. Nxe4 h6 8. O-O
Nbc6 9. Be3 Nf5 10. d5 Nxe3 11. fxe3 Ne7 12. d6 Nf5 13. dxc7 Qxc7 14. Qb3 O-O
15. Rad1 Qc6 16. Qd3 Qb6 17. c5 Qxb2 18. g4 Ne7 19. Rd2 Qb4 20. g5 hxg5 21.
Nfxg5 f6 22. Nxf6+ Kh8 23. Qd6 1-0

[Event "Hurtigskak-DM 2016"]
[Site "Fredericia"]
[Date "2016.09.25"]
[Round "1"]
[White "Boe, Mads"]
[Black "Bjerre, Jonas Buhl"]
[Result "1/2-1/2"]
[WhiteElo "2422"]
[BlackElo "2079"]
[PlyCount "50"]
[EventDate "2016.??.??"]

1. d4 Nf6 2. c3 e6 3. Bg5 Be7 4. Nd2 h6 5. Bh4 b6 6. e4 d6 7. Bd3 Bb7 8. Qe2
Nbd7 9. h3 a6 10. a4 O-O 11. Ngf3 Nh5 12. Bxe7 Qxe7 13. Qe3 e5 14. O-O Rae8 15.
Rfe1 exd4 16. Nxd4 Qg5 17. Qxg5 hxg5 18. Bc2 Nf4 19. Kh2 Nc5 20. Re3 Ng6 21. b4
Ne6 22. Nxe6 fxe6 23. Nf3 Nh4 24. Kg3 d5 25. Nxg5 Nf5+ 1/2-1/2

[Event "Hurtigskak-DM 2016"]
[Site "Fredericia"]
[Date "2016.09.25"]
[Round "1"]
[White "Nielsen, Viktor Haarmark"]
[Black "Fries Nielsen, Niels Jorgen"]
[Result "0-1"]
[WhiteElo "2059"]
[BlackElo "2349"]
[PlyCount "77"]
[EventDate "2016.??.??"]

1. e4 a6 2. c4 e5 3. g3 Nc6 4. Bg2 f5 5. d3 Nf6 6. Nc3 Bc5 7. Nge2 d6 8. Nd5
O-O 9. O-O fxe4 10. dxe4 Ng4 11. Be3 Nxe3 12. Nxe3 Bxe3 13. fxe3 Rxf1+ 14. Qxf1
Be6 15. Nc3 Qg5 16. Qe2 h5 17. Rf1 Ne7 18. Nd5 Bxd5 19. cxd5 Rf8 20. Rxf8+ Kxf8
21. Qf3+ Kg8 22. Bh3 h4 23. Be6+ Kh7 24. Kg2 Kh6 25. a4 a5 26. Kf2 hxg3+ 27.
hxg3 Qf6 28. Qxf6+ gxf6 29. Kf3 Kg5 30. b3 c6 31. g4 Kh4 32. Kf2 b5 33. dxc6
bxa4 34. bxa4 Nxc6 35. Kf3 Nb4 36. Kf2 Nd3+ 37. Kf3 Nc5 38. Bd5 Nxa4 39. Be6
0-1

[Event "Hurtigskak-DM 2016"]
[Site "Fredericia"]
[Date "2016.09.25"]
[Round "1"]
[White "Ochsner, Bjorn Moller"]
[Black "Wilbrandt, Simon Pil"]
[Result "1-0"]
[WhiteElo "2332"]
[BlackElo "2049"]
[PlyCount "37"]
[EventDate "2016.??.??"]

1. e4 c5 2. Nf3 Nc6 3. Bb5 d6 4. O-O Bd7 5. Re1 a6 6. Bxc6 Bxc6 7. d4 cxd4 8.
Nxd4 Bd7 9. Nc3 Nf6 10. Bg5 Qa5 11. Bxf6 gxf6 12. Nd5 Rg8 13. Nf5 Qd8 14. Qh5
Rg6 15. Qxh7 Rc8 16. Qh8 Qa5 17. Ndxe7 Bxf5 18. exf5 Rh6 19. Nxc8+ 1-0

[Event "Hurtigskak-DM 2016"]
[Site "Fredericia"]
[Date "2016.09.25"]
[Round "2"]
[White "Rasmussen, Allan Stig"]
[Black "Schwarz, Frank"]
[Result "1-0"]
[WhiteElo "2528"]
[BlackElo "2248"]
[PlyCount "73"]
[EventDate "2016.??.??"]

1. c4 Nf6 2. Nc3 g6 3. e4 d6 4. d4 Bg7 5. Nf3 O-O 6. Be2 e5 7. O-O Nc6 8. d5
Ne7 9. Ne1 Ne8 10. Be3 f5 11. f3 f4 12. Bf2 g5 13. Nd3 Rf7 14. c5 Bf8 15. Rc1
Rg7 16. Nb5 a6 17. Na3 h5 18. Nc4 Ng6 19. cxd6 cxd6 20. Nb6 Rb8 21. Nxc8 Rxc8
22. Qb3 Rxc1 23. Rxc1 g4 24. fxg4 Nh4 25. h3 Qg5 26. Bxh4 Qxh4 27. Nf2 Rf7 28.
Bf3 Nf6 29. gxh5 Nxh5 30. Rc8 Nf6 31. Qd1 Nh7 32. Bg4 Ng5 33. Be6 Nxe6 34. dxe6
Rg7 35. Ng4 Rg6 36. Qb3 d5 37. Qb4 1-0

[Event "Hurtigskak-DM 2016"]
[Site "Fredericia"]
[Date "2016.09.25"]
[Round "2"]
[White "Borovnica, Tihomir"]
[Black "Glud, Jakob Vang"]
[Result "1-0"]
[WhiteElo "2239"]
[BlackElo "2514"]
[PlyCount "69"]
[EventDate "2016.??.??"]

1. d4 Nf6 2. c4 e6 3. Nc3 d5 4. Nf3 Be7 5. g3 O-O 6. Bg2 a6 7. O-O dxc4 8. Ne5
Nbd7 9. Nxc4 c5 10. dxc5 Bxc5 11. Bf4 Qe7 12. Bd6 Bxd6 13. Qxd6 Qxd6 14. Nxd6
Rb8 15. Rfd1 b5 16. Rd2 Nb6 17. Rad1 e5 18. Nd5 Nfxd5 19. Bxd5 Nxd5 20. Rxd5
Be6 21. Rxe5 Rfd8 22. Re3 Bxa2 23. Red3 Be6 24. f4 g6 25. e4 Bg4 26. R1d2 Rb6
27. Kg2 a5 28. h3 Be6 29. g4 a4 30. f5 Ba2 31. e5 Bb1 32. Rd4 Kf8 33. f6 b4 34.
Nc8 Be4+ 35. Kf2 1-0

[Event "Hurtigskak-DM 2016"]
[Site "Fredericia"]
[Date "2016.09.25"]
[Round "2"]
[White "Antonsen, Mikkel"]
[Black "Bank Friis, Carsten"]
[Result "1-0"]
[WhiteElo "2447"]
[BlackElo "2217"]
[PlyCount "59"]
[EventDate "2016.??.??"]

1. d4 Nf6 2. c4 e6 3. Nf3 b6 4. g3 Bb7 5. Bg2 Be7 6. O-O O-O 7. Re1 d5 8. cxd5
exd5 9. Nc3 Nbd7 10. Bf4 a6 11. Rc1 Rc8 12. Ne5 c5 13. e3 c4 14. a4 Bb4 15. Bg5
Be7 16. Bh3 Ra8 17. b3 Nxe5 18. dxe5 Ne4 19. Nxe4 Bxg5 20. Nd6 Bc6 21. bxc4 d4
22. Qxd4 Bxa4 23. c5 b5 24. e6 Bb3 25. c6 Bf6 26. c7 Bxd4 27. cxd8=Q Rfxd8 28.
exd4 Rxd6 29. e7 Be6 30. d5 1-0

[Event "Hurtigskak-DM 2016"]
[Site "Fredericia"]
[Date "2016.09.25"]
[Round "2"]
[White "Fries Nielsen, Niels Jorgen"]
[Black "Schuette, Andreas"]
[Result "1-0"]
[WhiteElo "2349"]
[BlackElo "2182"]
[PlyCount "71"]
[EventDate "2016.??.??"]

1. a3 d5 2. b4 e5 3. Bb2 f6 4. e3 Be6 5. g3 Qd7 6. f4 e4 7. Nc3 h5 8. Be2 Bg4
9. d3 f5 10. dxe4 dxe4 11. h3 Bxe2 12. Ngxe2 Nf6 13. Qd4 Nc6 14. Qc4 Qf7 15.
Qxf7+ Kxf7 16. O-O-O Bd6 17. Nb5 Rhd8 18. c4 a6 19. Nxd6+ cxd6 20. Rhg1 b5 21.
cxb5 axb5 22. Bxf6 Kxf6 23. Kb2 Rac8 24. Rd5 Rb8 25. Rgd1 Ke6 26. Nc3 Na7 27.
g4 g6 28. Kb3 Rb7 29. Rg1 hxg4 30. hxg4 Nc8 31. gxf5+ gxf5 32. Rg6+ Kf7 33. Rh6
Ne7 34. Rdxd6 Rxd6 35. Rxd6 Rb8 36. Nd5 1-0

[Event "Hurtigskak-DM 2016"]
[Site "Fredericia"]
[Date "2016.09.25"]
[Round "2"]
[White "Thogersen, Rasmus"]
[Black "Ochsner, Bjorn Moller"]
[Result "0-1"]
[WhiteElo "2169"]
[BlackElo "2332"]
[PlyCount "62"]
[EventDate "2016.??.??"]

1. e4 c5 2. Nf3 d6 3. d4 cxd4 4. Nxd4 Nf6 5. Nc3 a6 6. Bg5 e6 7. f4 h6 8. Bh4
Qb6 9. Qd2 Qxb2 10. Rb1 Qa3 11. e5 dxe5 12. fxe5 Nfd7 13. Ne4 Qxa2 14. Rd1 Qd5
15. Qe3 Qxe5 16. Be2 Bc5 17. Bg3 Qd5 18. c4 Bxd4 19. Rxd4 Qa5+ 20. Rd2 O-O 21.
Bd6 f5 22. Bxf8 Nxf8 23. Nd6 Nbd7 24. g4 fxg4 25. Bxg4 Qe5 26. Rd3 Nc5 27. Nxc8
Nxd3+ 28. Kd2 Rxc8 29. Kxd3 Qxe3+ 30. Kxe3 Rxc4 31. Be2 Rc7 0-1

[Event "Hurtigskak-DM 2016"]
[Site "Fredericia"]
[Date "2016.09.25"]
[Round "2"]
[White "Laursen, Niels Norskov"]
[Black "Quist, Viggo Bove"]
[Result "1-0"]
[WhiteElo "2326"]
[BlackElo "2138"]
[PlyCount "95"]
[EventDate "2016.??.??"]

1. e4 c6 2. d4 d5 3. e5 g6 4. h3 Bg7 5. Nf3 Nh6 6. Be2 f6 7. O-O O-O 8. c4 Be6
9. exf6 exf6 10. b3 Nf5 11. Bf4 Re8 12. Nc3 Nd6 13. cxd5 cxd5 14. Rc1 Nc6 15.
Na4 Ne4 16. Bb5 Rc8 17. Bxc6 Rxc6 18. Rxc6 bxc6 19. Qc2 Qd7 20. Rc1 Rc8 21. Ne1
Bf8 22. f3 Bd6 23. Bxd6 Nxd6 24. Nc5 Qf7 25. g4 f5 26. Kg2 fxg4 27. hxg4 Rf8
28. Qe2 Bc8 29. Ned3 Nb5 30. Qe3 Re8 31. Ne5 Qf6 32. Ncd3 Re6 33. a4 Nc7 34.
Qf4 Bb7 35. Qxf6 Rxf6 36. Nc5 Bc8 37. Kg3 Rd6 38. Re1 g5 39. Ned3 Kf8 40. Re5
h6 41. Re1 Kg7 42. Ne5 Ne6 43. Nxe6+ Rxe6 44. Rc1 Bb7 45. Rc5 Kf6 46. Ra5 a6
47. Nd7+ Ke7 48. Nc5 1-0

[Event "Hurtigskak-DM 2016"]
[Site "Fredericia"]
[Date "2016.09.25"]
[Round "2"]
[White "Skovgaard, Tom"]
[Black "Kristensen, Kaare Hove"]
[Result "0-1"]
[WhiteElo "1997"]
[BlackElo "2303"]
[PlyCount "102"]
[EventDate "2016.??.??"]

1. e4 c5 2. Nf3 d6 3. d4 cxd4 4. Nxd4 Nf6 5. Nc3 a6 6. h3 g6 7. g3 Bg7 8. Bg2
O-O 9. O-O Bd7 10. Be3 Nc6 11. Nxc6 Bxc6 12. Qd2 Rc8 13. Rad1 b5 14. a3 Qc7 15.
Bh6 Bxh6 16. Qxh6 Qb7 17. Qe3 a5 18. Rd2 Nd7 19. f4 b4 20. axb4 axb4 21. Nd5
Bxd5 22. exd5 Nb6 23. b3 Rc3 24. Qd4 Nd7 25. Rf3 Rfc8 26. Re3 Nf6 27. Rxc3 Rxc3
28. Re2 Rxg3 29. Kh2 Rc3 30. f5 Qc7 31. fxg6 hxg6 32. Qxb4 Rxc2 33. Qb5 Rc5 34.
Qa6 Kg7 35. b4 Rc1 36. Qa3 Qc3 37. Qxc3 Rxc3 38. Rxe7 Rb3 39. Rb7 Rb2 40. Kg1
Nh5 41. Rb6 Nf4 42. Bf1 Nxd5 43. Rxd6 Ne3 44. Rd4 Rb1 45. Rf4 f5 46. h4 Kf6 47.
Rf3 Nxf1 48. Rxf1 Rxb4 49. h5 Rg4+ 50. Kh2 Rh4+ 51. Kg3 Rxh5 0-1

[Event "Hurtigskak-DM 2016"]
[Site "Fredericia"]
[Date "2016.09.25"]
[Round "2"]
[White "Dyrgaard, Kristoffer"]
[Black "Jensen, Jacob Bjerre"]
[Result "1-0"]
[WhiteElo "2282"]
[BlackElo "2098"]
[PlyCount "51"]
[EventDate "2016.??.??"]

1. e4 e6 2. b3 d5 3. Bb2 dxe4 4. Nc3 Nf6 5. Qe2 Nc6 6. Nxe4 Be7 7. Nf3 O-O 8.
O-O-O a5 9. a4 Bd7 10. Rg1 Nb4 11. Ne5 Be8 12. g4 b5 13. g5 Nxe4 14. Qxe4 bxa4
15. bxa4 Bxa4 16. Bd3 Nxd3+ 17. Nxd3 Qd5 18. Qxa4 Bb4 19. Rg3 Rfb8 20. Re1 Qc4
21. Nxb4 Rxb4 22. Qa3 Rab8 23. Rc3 Qd5 24. Rxc7 Qd6 25. Qc3 Qd8 26. Qxg7# 1-0

[Event "Hurtigskak-DM 2016"]
[Site "Fredericia"]
[Date "2016.09.25"]
[Round "3"]
[White "Laursen, Niels Norskov"]
[Black "Rasmussen, Allan Stig"]
[Result "0-1"]
[WhiteElo "2326"]
[BlackElo "2528"]
[PlyCount "92"]
[EventDate "2016.??.??"]

1. e4 c6 2. d4 d5 3. e5 Bf5 4. Nf3 e6 5. Be2 Nd7 6. O-O h6 7. a4 a5 8. c4 Ne7
9. Nc3 dxc4 10. Bxc4 Nd5 11. Nxd5 cxd5 12. Bb5 Be7 13. Ne1 O-O 14. Nd3 Nb8 15.
Be3 Na6 16. g4 Bh7 17. Nf4 Nb4 18. Rc1 Qb6 19. Nh5 Bg6 20. Qd2 f5 21. Bxh6 fxg4
22. Bxg7 Rf5 23. Bf6 Bxf6 24. Nxf6+ Kg7 25. Qc3 Rf4 26. Qc7+ Qxc7 27. Rxc7+ Kh6
28. Rd1 Nc2 29. Kg2 Nxd4 30. Kg3 Rf3+ 31. Kg2 Rf4 32. Bd3 Rh8 33. Bxg6 Kxg6 34.
Rd3 Nf3 35. Kg3 Nxe5 36. Re3 Kf5 37. Rxe5+ Kxe5 38. Nxg4+ Kd6 39. Rxb7 Rxa4 40.
h4 Rb4 41. Ra7 Rxb2 42. Rxa5 Rb6 43. Ra3 e5 44. Rf3 e4 45. Rf4 Rb3+ 46. Kg2
Rxh4 0-1

[Event "Hurtigskak-DM 2016"]
[Site "Fredericia"]
[Date "2016.09.25"]
[Round "3"]
[White "Kristensen, Kaare Hove"]
[Black "Antonsen, Mikkel"]
[Result "1/2-1/2"]
[WhiteElo "2303"]
[BlackElo "2447"]
[PlyCount "79"]
[EventDate "2016.??.??"]

1. e4 e5 2. Nf3 Nc6 3. d4 exd4 4. Nxd4 Nf6 5. Nxc6 bxc6 6. e5 Qe7 7. Qe2 Nd5 8.
c4 Nb6 9. Nc3 Qe6 10. Qe4 Ba6 11. b3 Bb4 12. Bd2 Bxc3 13. Bxc3 d5 14. Qh4 dxc4
15. Rc1 Qg6 16. Qg3 Qe4+ 17. Qe3 Qxe3+ 18. fxe3 O-O-O 19. Bd4 c5 20. Bxc5 Rd5
21. Bxb6 axb6 22. Bxc4 Bxc4 23. Rxc4 Rxe5 24. Ke2 Rhe8 25. Rc3 Kb7 26. Rf1 f6
27. Rf4 Rd8 28. Rd3 Rxd3 29. Kxd3 Rd5+ 30. Rd4 Kc6 31. a4 Rg5 32. g4 h5 33. h3
hxg4 34. Rxg4 Rd5+ 35. Kc4 g5 36. h4 Rc5+ 37. Kd4 Rd5+ 38. Kc4 Rc5+ 39. Kd4
Rd5+ 40. Ke4 1/2-1/2

[Event "Hurtigskak-DM 2016"]
[Site "Fredericia"]
[Date "2016.09.25"]
[Round "3"]
[White "Dyrgaard, Kristoffer"]
[Black "Fries Nielsen, Niels Jorgen"]
[Result "1-0"]
[WhiteElo "2282"]
[BlackElo "2349"]
[PlyCount "65"]
[EventDate "2016.??.??"]

1. e4 a6 2. d4 b5 3. Nf3 Bb7 4. Bd3 d6 5. O-O Nd7 6. a4 bxa4 7. Nc3 e5 8. dxe5
Nxe5 9. Nxe5 dxe5 10. Rxa4 Nf6 11. Qe2 Bc5 12. Bxa6 Bxa6 13. Rxa6 O-O 14. Bg5
Be7 15. Rd1 Qc8 16. Rxa8 Qxa8 17. Bxf6 Bxf6 18. Nd5 Bd8 19. Qc4 Qb7 20. b3 g6
21. g3 Kg7 22. Qb4 Qxb4 23. Nxb4 Be7 24. Nc6 Bd6 25. b4 Ra8 26. c4 Ra6 27. b5
Ra4 28. Rc1 Ra2 29. c5 Bf8 30. Nxe5 Rb2 31. b6 cxb6 32. c6 Bd6 33. c7 1-0

[Event "Hurtigskak-DM 2016"]
[Site "Fredericia"]
[Date "2016.09.25"]
[Round "3"]
[White "Ochsner, Bjorn Moller"]
[Black "Matthiesen, Martin"]
[Result "1/2-1/2"]
[WhiteElo "2332"]
[BlackElo "2255"]
[PlyCount "84"]
[EventDate "2016.??.??"]

1. e4 e5 2. Nf3 Nc6 3. Bb5 a6 4. Ba4 Nf6 5. O-O Be7 6. d3 b5 7. Bb3 d6 8. a3
O-O 9. Nc3 Bg4 10. Be3 Nd4 11. Bxd4 exd4 12. Nd5 c5 13. h3 Bxf3 14. Nxe7+ Qxe7
15. Qxf3 Rac8 16. Ba2 c4 17. dxc4 bxc4 18. Rad1 Qb7 19. b4 Qxe4 20. Qxe4 Nxe4
21. Rxd4 d5 22. Rxd5 Nc3 23. Rf5 Nxa2 24. Rf3 Rfd8 25. Ra1 c3 26. Rxa2 Rd1+ 27.
Kh2 Rb1 28. Rd3 g6 29. Kg3 Kf8 30. f3 Ke7 31. a4 Rxb4 32. Ra3 a5 33. Re3+ Kd6
34. Rd3+ Ke6 35. Re3+ Kf6 36. Rd3 Rcc4 37. Rdxc3 Rxc3 38. Rxc3 Rxa4 39. Rc7 Ra1
40. Ra7 h5 41. c4 Ra4 42. h4 Rxc4 1/2-1/2

[Event "Hurtigskak-DM 2016"]
[Site "Fredericia"]
[Date "2016.09.25"]
[Round "3"]
[White "Boe, Mads"]
[Black "Borovnica, Tihomir"]
[Result "1/2-1/2"]
[WhiteElo "2422"]
[BlackElo "2239"]
[PlyCount "178"]
[EventDate "2016.??.??"]

1. d4 Nf6 2. c3 d6 3. Bg5 Nbd7 4. Nd2 h6 5. Bh4 e5 6. e4 Be7 7. Bd3 O-O 8. Ngf3
Re8 9. O-O a6 10. a4 b6 11. Re1 Bb7 12. Bg3 Bf8 13. h3 Nh5 14. Bh2 Nf4 15. Bxf4
exf4 16. Qc2 g5 17. Nh2 Bg7 18. Ndf3 Rb8 19. Rad1 b5 20. axb5 axb5 21. Bxb5
Bxe4 22. Rxe4 Rxb5 23. Rxe8+ Qxe8 24. Nf1 Qb8 25. Rd2 Nf6 26. Ne1 c5 27. dxc5
dxc5 28. Nh2 Rb7 29. Nef3 Re7 30. Re2 Qe8 31. Rxe7 Qxe7 32. Qd3 Ne4 33. Nf1 Bf6
34. N1d2 Nxd2 35. Qxd2 Qe4 36. Kf1 Kg7 37. Ne1 h5 38. Qe2 Qg6 39. Qd3 g4 40.
Qxg6+ Kxg6 41. hxg4 hxg4 42. Nd3 Be7 43. Nxf4+ Kf5 44. Nd3 Ke4 45. Ke2 f5 46.
b3 Bd6 47. f3+ gxf3+ 48. gxf3+ Kd5 49. Nb2 Be5 50. Kd3 Bf4 51. Nc4 Bc7 52. b4
cxb4 53. cxb4 Bh2 54. Ne3+ Ke6 55. Kc4 Bg1 56. Nd5 Ke5 57. b5 Bf2 58. Nb4 Bb6
59. Nd3+ Kd6 60. f4 Be3 61. Kb4 Kc7 62. Nc5 Kd6 63. Nd3 Kc7 64. Kc4 Kd6 65. Kb4
Kc7 66. Ka5 Kb7 67. Ka4 Kb6 68. Kb4 Kc7 69. Kc3 Kd6 70. Kc4 Bb6 71. Nb4 Be3 72.
Nd5 Bg1 73. Nb4 Be3 74. Nd3 Bb6 75. Ne5 Be3 76. Ng6 Bf2 77. Kb4 Be1+ 78. Kc4
Bf2 79. Ne5 Be3 80. Nd3 Bb6 81. Ne1 Be3 82. Ng2 Bf2 83. Kb4 Kc7 84. Ka5 Kb7 85.
Ka4 Kc7 86. Kb4 Kb7 87. Kc4 Kb6 88. Kb4 Bc5+ 89. Ka4 Bf2 1/2-1/2

[Event "Hurtigskak-DM 2016"]
[Site "Fredericia"]
[Date "2016.09.25"]
[Round "3"]
[White "Glud, Jakob Vang"]
[Black "Bjerre, Jonas Buhl"]
[Result "1-0"]
[WhiteElo "2514"]
[BlackElo "2079"]
[PlyCount "85"]
[EventDate "2016.??.??"]

1. c4 e5 2. g3 Nf6 3. Bg2 c6 4. d4 Bb4+ 5. Bd2 Bxd2+ 6. Qxd2 d6 7. Nc3 O-O 8.
e3 Be6 9. b3 exd4 10. Qxd4 d5 11. cxd5 Nxd5 12. Nge2 Nxc3 13. Qxc3 Nd7 14. O-O
Qf6 15. Qxf6 Nxf6 16. Nc3 Rfd8 17. Rfd1 Kf8 18. h3 Ke7 19. f4 Rxd1+ 20. Rxd1
Rd8 21. Rxd8 Kxd8 22. Kf2 h5 23. e4 g6 24. Ke3 Nd7 25. Ne2 c5 26. f5 gxf5 27.
Nf4 fxe4 28. Kxe4 Nf6+ 29. Ke5 Ke7 30. Nxe6 fxe6 31. Bxb7 Nd7+ 32. Kf4 Kf6 33.
Bf3 Kg6 34. Bc6 Nf8 35. Be8+ Kh6 36. Bf7 a6 37. a3 a5 38. a4 c4 39. bxc4 Nd7
40. Be8 e5+ 41. Kf5 e4 42. Kf4 Nb6 43. Bb5 1-0

[Event "Hurtigskak-DM 2016"]
[Site "Fredericia"]
[Date "2016.09.25"]
[Round "3"]
[White "Moller, Leif"]
[Black "Fries Nielsen, Jens Ove"]
[Result "0-1"]
[WhiteElo "1954"]
[BlackElo "2426"]
[PlyCount "66"]
[EventDate "2016.??.??"]

1. d4 g6 2. Nf3 Bg7 3. g3 f5 4. Bg2 d6 5. c3 Nf6 6. Bf4 h6 7. Nbd2 g5 8. Be3
Ng4 9. Nf1 Nxe3 10. Nxe3 c6 11. Qc2 O-O 12. b4 a5 13. O-O axb4 14. cxb4 g4 15.
Nh4 e6 16. Rad1 Nd7 17. b5 d5 18. bxc6 bxc6 19. Qxc6 Ra6 20. Qb5 Qg5 21. Rc1
Rb6 22. Qa5 f4 23. Nc2 Rc6 24. Qb5 Rc4 25. Bh1 fxg3 26. hxg3 Bxd4 27. e3 Bc5
28. Nd4 Rxc1 29. Rxc1 Bxd4 30. Rxc8 Rxc8 31. Qxd7 Rc1+ 32. Kh2 Qf6 33. exd4
Qxf2+ 0-1

[Event "Hurtigskak-DM 2016"]
[Site "Fredericia"]
[Date "2016.09.25"]
[Round "3"]
[White "Schwarz, Frank"]
[Black "Jensen, Jacob Bjerre"]
[Result "1-0"]
[WhiteElo "2248"]
[BlackElo "2098"]
[PlyCount "85"]
[EventDate "2016.??.??"]

1. c4 e6 2. Nf3 f5 3. g3 Nf6 4. Bg2 Be7 5. Nc3 O-O 6. O-O d6 7. d4 Ne4 8. Qc2
Nxc3 9. Qxc3 a5 10. Qc2 Nc6 11. a3 e5 12. dxe5 dxe5 13. Rd1 Qe8 14. Rb1 Qh5 15.
Rd5 f4 16. Bxf4 Bf5 17. e4 exf4 18. exf5 Rf6 19. h3 fxg3 20. fxg3 Qe8 21. Re1
Qf8 22. Kh1 Bd6 23. g4 Re8 24. Re4 h6 25. Qe2 Rxe4 26. Qxe4 Ne7 27. Rd2 b6 28.
Ne5 Qc8 29. Nd3 Kh7 30. b4 axb4 31. axb4 Qa6 32. Rd1 Qa4 33. Re1 Ng8 34. c5 Bg3
35. Rf1 Kh8 36. Qf3 Bh4 37. Nf4 Ne7 38. Qe4 Rf8 39. Ne6 Rc8 40. g5 hxg5 41. f6
gxf6 42. Qd4 Ng8 43. Rxf6 1-0

[Event "Hurtigskak-DM 2016"]
[Site "Fredericia"]
[Date "2016.09.25"]
[Round "4"]
[White "Rasmussen, Allan Stig"]
[Black "Dyrgaard, Kristoffer"]
[Result "1-0"]
[WhiteElo "2528"]
[BlackElo "2282"]
[PlyCount "124"]
[EventDate "2016.??.??"]

1. e4 c5 2. Nf3 Nc6 3. Bb5 g6 4. Bxc6 dxc6 5. d3 Bg7 6. h3 e5 7. a4 Qe7 8. a5
Nf6 9. Nbd2 Nd7 10. Nc4 Nf8 11. O-O f6 12. Be3 Ne6 13. c3 O-O 14. Qc2 Bd7 15.
b4 cxb4 16. cxb4 Rfd8 17. Rfd1 Be8 18. Rab1 Bf7 19. d4 exd4 20. Nxd4 f5 21. Ne2
Rxd1+ 22. Rxd1 fxe4 23. a6 bxa6 24. Qxe4 Qxb4 25. Qxc6 Rd8 26. Rxd8+ Nxd8 27.
Qc8 Bxc4 28. Qxd8+ Bf8 29. Ng3 Qd6 30. Qa8 Bd5 31. Qxa7 Qc6 32. Qb8 Qd6 33. Qb2
a5 34. Qd4 Bb3 35. Qc3 Qb4 36. Qe5 Bg7 37. Qe8+ Qf8 38. Qb5 Qb4 39. Qe8+ Qf8
40. Qc6 Qf7 41. Qa8+ Bf8 42. Qxa5 Bd5 43. Ne2 Bb7 44. Nf4 Bd6 45. Qd8+ Qf8 46.
Qb6 Bxf4 47. Qxb7 Bxe3 48. Qb3+ Kg7 49. Qxe3 Qd6 50. f4 h5 51. Kf2 Kh7 52. Qe5
Qd2+ 53. Kg3 Qd3+ 54. Kh4 Qd8+ 55. Qg5 Qd4 56. Qe7+ Kh6 57. Qf8+ Kh7 58. Qf7+
Kh6 59. Qf8+ Kh7 60. g3 Qa7 61. Qf6 Qa5 62. Qe7+ Kh6 1-0

[Event "Hurtigskak-DM 2016"]
[Site "Fredericia"]
[Date "2016.09.25"]
[Round "4"]
[White "Antonsen, Mikkel"]
[Black "Ochsner, Bjorn Moller"]
[Result "0-1"]
[WhiteElo "2447"]
[BlackElo "2332"]
[PlyCount "128"]
[EventDate "2016.??.??"]

1. d4 Nf6 2. c4 g6 3. f3 Bg7 4. e4 d6 5. Ne2 O-O 6. Be3 c5 7. d5 e6 8. Nec3
exd5 9. cxd5 a6 10. a4 Nbd7 11. Be2 Nh5 12. O-O f5 13. exf5 Re8 14. Bf2 gxf5
15. g3 Qg5 16. Kh1 Qh6 17. Rg1 Ne5 18. a5 f4 19. g4 Ng3+ 20. Bxg3 fxg3 21. Rxg3
Ng6 22. Ne4 Be5 23. g5 Qh4 24. Nf6+ Bxf6 25. gxf6 Qxf6 26. Nc3 Bf5 27. Bd3 Re3
28. Bxf5 Qxf5 29. Ne4 Qf4 30. Ng5 Qd4 31. Qg1 Re5 32. Qxd4 cxd4 33. Ne6 Rc8 34.
Rd1 Rxd5 35. Nf4 Rxa5 36. Nxg6 hxg6 37. Rxg6+ Kf7 38. Rxd6 Rb5 39. Rd2 Rc1+ 40.
Kg2 Rb1 41. R6xd4 R1xb2 42. h4 Rxd2+ 43. Rxd2 a5 44. Kf2 a4 45. Ke3 Kg6 46. Kd4
Kh5 47. Kc4 Rb3 48. Rd5+ Kxh4 49. Ra5 b5+ 50. Kd4 Kg3 51. Ke4 Rb4+ 52. Kd3 Kxf3
53. Ra8 Rb3+ 54. Kd4 Ke2 55. Kc5 Kd2 56. Rh8 Kc2 57. Rh2+ Kb1 58. Rh1+ Ka2 59.
Rh2+ Ka3 60. Rd2 Rc3+ 61. Kxb5 Kb3 62. Rd4 a3 63. Rb4+ Kc2 64. Rh4 a2 0-1